Zapomniany bibliocyd
| Titel: | Zapomniany bibliocyd : szkice o ludziach i książkach w czasach stalinizmu / Andrzej Dróżdż |
|---|---|
| Verfasser: | |
| Veröffentlicht: | Kraków : Księgarnia Akademicka, 2017 |
| Umfang: | 145 Seiten ; 24 cm |
| Format: | Buch |
| Sprache: | Polnisch |
| Schriftenreihe/ mehrbändiges Werk: |
Bibliotheca Iagellonica: Fontes et Studia ; T. 30 |
| ISBN: | 8376388401 ; 9788376388403 |
| Hinweise zum Inhalt: |
Inhaltsverzeichnis
|
alg: 42140497 001A $03004:21-11-17 001B $01999:08-11-24 $t21:21:55.000 001C $03004:21-11-17 $t15:46:56.000 001D $03004:21-11-17 001U $0utf8 001X $00 002@ $0Aau 002C $aText $btxt $2rdacontent 002D $aohne Hilfsmittel zu benutzen $bn $2rdamedia 002E $aBand $bnc $2rdacarrier 003@ $0421404973 003O $0985925111 $aOCoLC 004A $083-7638-840-1 004A $A978-83-7638-840-3 006C $01005953370 $aOCoLC 007A $0421404973 $aHEB 007G $0DE020F5209FC8DB089BA2C12581E500371BBC 009P $qapplication/pdf $A2 $3Inhaltsverzeichnis $uhttp://scans.hebis.de/HEBCGI/show.pl?42140497_toc.pdf $mV:DE-603;B:DE-Mb50 010@ $apol 010E $erda 011@ $a2017 $n2017 021A $aZapomniany bibliocyd $dszkice o ludziach i książkach w czasach stalinizmu $hAndrzej Dróżdż 028A $D20231015 $Ecgwrk $71176473727 $8Dróźdź, Andrzej$Z1954- [Tp3] $9441542980 033A $pKraków $nKsięgarnia Akademicka 034D $a145 Seiten 034I $a24 cm 036E $aBibliotheca Iagellonica: Fontes et Studia $x1425-851X $lT. 30 037A $aIncludes bibliographical references and index 044K $RZensor $#Censorship $#Censure $#Censura $#Censura $#Zensur $#Zensur $#Kommunikationskontrolle Zensur $74067601-8 $8Zensur [Ts1] $9085190012 044K $RVerbot $RVerbotenes Druckwerk $RBuch $#Druckwerk Verbot $74146850-8 $8Bücherverbot [Ts1] $908559055X 044K $RKommunismus $REntstalinisierung $#Stalinisme $#Stalinismus $74056883-0 $8Stalinismus [Ts1] $9085158437 lok: 42140497 24 exp: 42140497 24 1 #EPN 201B/01 $021-11-17 $t15:35:44.000 201C/01 $021-11-17 201U/01 $0utf8 203@/01 $01011814013 208@/01 $a21-11-17 $bz 209A/01 $a17.07099 $du $f050 $h17 07099 $x00 209C/01 $a17.07099 T $h17 07099 T 209G/01 $a73827795 $x00 220C/01 $ajwa 247C/01 $8358050-7Marburg, Bibliothek des Herder-Instituts Marburg $9102600961 lok: 42140497 78 exp: 42140497 78 1 #EPN 201B/01 $018-01-19 $t10:36:33.000 201C/01 $018-01-19 201U/01 $0utf8 203@/01 $01038916135 208@/01 $a18-01-19 $be 209A/01 $a/ $f000 $x00 209A/01 $ab*p $x01 220C/01 $apgar 244Z/01 $#Generalgouvernement Polen $#Polska $#Rzeczpospolita Polska $#Polska Rzeczpospolita Ludowa $#Poland $#Pologne $#République Polonaise $#Generalne Gubernatorstwo w Polsce $#Polish People's Republic $#Polska Rzeczpospolita Polen $#PRL $#RP $#Polen Generalgouvernement $#Polska Generalgouvernement $#Besetzte Polnische Gebiete $#Besetztes Gebiet in Polen $#Okupowane Polskie Obszary $#Obszary Okupowane w Polsce $#Volksrepublik Polen $#Polska Rosyjska $#Republic Polen $#Respublika Pol'ša $#Pol'skaja Narodnaja Respublika $#République de Pologne $#Polen Links der Weichsel $#Polska po Lewej Stronie Wisły $#Lenkija $#Polija $#Gubernija Carstva Pol'skago $#Republik Polen $74046496-9 $8--Tg1--Polen $x01 $9085129801 244Z/01 $#Schlesien $#Schlesien $#Herzogtum Schlesien $#Herzogtum Schlesien Schlesien $#Provinz Schlesien $#Śla̜sk $#Slezsko $#Silesia $74052678-1 $8--Tg1--Schlesien $x02 $9085146781 244Z/01 $#Kattowitz 1922- $71028347-X $8--Tg1--Katowice $x03 $9042044391 244Z/01 $#Krakau $#Kraków $#Krakow $#Cracovie $#Cracovia $#Cracow $#Krakoi $#Krakov $#Cracov $74073760-3 $8--Tg1--Krakau $x04 $9085207705 247C/01 $82080>Marburg/Lahn, Herder-Institut, Forschungsbibliothek, Bibliographieportal $9336309341
| LEADER | 00000cam a2200000 c 4500 | ||
|---|---|---|---|
| 001 | 421404973 | ||
| 003 | DE-603 | ||
| 005 | 20241108212155.0 | ||
| 007 | tu | ||
| 008 | 171121s2017 xx |||| | u00||u|pol c | ||
| 020 | |a 8376388401 | ||
| 020 | |a 9788376388403 | ||
| 035 | |a (DE-599)HEB421404973 | ||
| 035 | |a (OCoLC)985925111 | ||
| 040 | |a DE-603 |b ger |c DE-603 |d DE-603 |e rda | ||
| 041 | |a pol | ||
| 100 | 1 | |a Dróźdź, Andrzej |d 1954- |0 (DE-603)441542980 |0 (DE-588)1176473727 |2 gnd | |
| 245 | 0 | 0 | |a Zapomniany bibliocyd |b szkice o ludziach i książkach w czasach stalinizmu |c Andrzej Dróżdż |
| 264 | 1 | |a Kraków |b Księgarnia Akademicka |c 2017 | |
| 300 | |a 145 Seiten |c 24 cm | ||
| 336 | |a Text |b txt |2 rdacontent | ||
| 337 | |a ohne Hilfsmittel zu benutzen |b n |2 rdamedia | ||
| 338 | |a Band |b nc |2 rdacarrier | ||
| 490 | 0 | |a Bibliotheca Iagellonica: Fontes et Studia |x 1425-851X |v T. 30 | |
| 500 | |a Includes bibliographical references and index | ||
| 650 | 7 | |a Zensur |0 (DE-588)4067601-8 |0 (DE-603)085190012 |2 gnd | |
| 650 | 7 | |a Bücherverbot |0 (DE-588)4146850-8 |0 (DE-603)08559055X |2 gnd | |
| 650 | 7 | |a Stalinismus |0 (DE-588)4056883-0 |0 (DE-603)085158437 |2 gnd | |
| 856 | 4 | 2 | |m V:DE-603;B:DE-Mb50 |q application/pdf |u http://scans.hebis.de/HEBCGI/show.pl?42140497_toc.pdf |3 Inhaltsverzeichnis |
| 924 | 0 | |9 Mb 50 |a (DE-603)1011814013 |b DE-Mb50 |c HES |d c |g 17.07099 | |
| 924 | 0 | |9 2080 |a (DE-603)1038916135 |b DE-2080 |c HES |d d |g / | |


